00453nam a2200181Ia 4500008004100000020001800041050001400059100001900073245003200092245004800124260001500172260001600187260000900203300001400212300002700226300001000253500000800263170918s9999 xx 000 0 und d a9781406300406 bM119 1994 aMcBratney, Sam aGuess how much I love you / cSam McBratney ; illustrated by Anita Jeram. aNew York : bScholastic, c1994 aunpaged : bcolored illustration ; c27cm. a690